Statystyki dla CO MOŻE ZOSTAĆ ZRECENZOWANE?

Kliknij tutaj aby rozwiązać quiz!

Ogólne statystyki

  • Ten quiz został rozwiązany 22 razy
  • Średni wynik to 3 z 5

Statystyki odpowiedzi

Odpowiedź% Poprawnych
FILM
100%
KSIĄŻKA
88%
GRA
29%
RESTAURACJA
24%
ALBUM
18%

Rozkład punktacji

Percentyl według liczby udzielonych odpowiedzi

Procent ludzi z każdym wynikiem

Twoja historia wyników

Nie rozwiązałeś tego quizu